House M.D. Trivia - Statistics

General Stats
  • This quiz has been taken 10,157 times
  • The average score is 14 of 24
Answer Stats
Hint Answer % Correct
What is House's first name? Greg
90%
Who is Dean of Medicine? (seasons 1-7) Dr. Lisa Cuddy
82%
And what is his speciality? Oncology
82%
Who is House's "sidekick" and only friend? Dr. James Wilson
81%
According to House, patients do what? (Hint: 3-letter word) Lie
81%
What drug does House most commonly abuse? Vicodine
81%
What is the name of the actor who plays House? Hugh Laurie
78%
What department does House lead? Diagnostics
70%
Dr. House is partially based on which famous literary character? Sherlock Holmes
70%
It's never what disease? (Except for the time it was) Lupus
68%
Original team member Dr. Robert Chase
64%
In what U.S. state does the show take place? New Jersey
64%
Original team member Dr. Eric Foreman
59%
Original team member Dr. Allison Cameron
57%
Which actress plays "13"? Olivia Wilde
57%
And, specifically, what city? Princeton
52%
Foreman's speciality Neurology
48%
After the end credits, what phrase is uttered? That's some bad {hat}, Harry
42%
Chase's speciality Surgery
40%
Kal Penn, who starred in seasons 4-5, is better known for portraying what movie character? Kumar Patel
38%
What method is used to diagnose patients? {Differential} Diagnosis
34%
Where did House go to Med School? Johns Hopkins / Michigan
32%
Which musical group recorded the theme song? Massive Attack
26%
Cameron's speciality Immunology
24%
No matching quizzes found
Score Distribution
Percent of People with Each Score
Percentile by Number Answered
Your Score History
You have not taken this quiz